La inquietud moral y la vida humana. Reflexiones sobre la vida buena
Uloženo v:
| Hlavní autor: | |
|---|---|
| Médium: | Kniha |
| Jazyk: | španělština |
| Vydáno: |
Barcelona
Paidós
2002
|
| Edice: | Paidós Studio, 155
|
| Témata: | |
| Tagy: |
Přidat tag
Žádné tagy, Buďte první, kdo vytvoří štítek k tomuto záznamu!
|
MARC
| LEADER | 00000nam a2200000 a 4500 | ||
|---|---|---|---|
| 001 | UCI2800 | ||
| 003 | CL-VaPUC | ||
| 008 | 070928e20020000SP |||||||||||||||||spa|d | ||
| 020 | |a 8449312361 | ||
| 082 | 0 | 4 | |a 170 |b CAN |2 21 |
| 100 | 0 | |a Canto-Sperber, Monique |e author |9 523964 | |
| 245 | 1 | 3 | |a La inquietud moral y la vida humana. Reflexiones sobre la vida buena |
| 300 | |a 304 p | ||
| 942 | |c BK | ||
| 945 | |d 20070928 00:00:00 |a rbrito | ||
| 260 | |a Barcelona |b Paidós |c 2002 | ||
| 650 | 0 | |a Ética |9 255099 | |
| 650 | 0 | |a Valores morales |9 310604 | |
| 650 | 7 | |a CIENCIA DE LA MORAL |2 CL-VaPUC |9 346040 | |
| 650 | 0 | |a Conceptos morales |9 310606 | |
| 650 | 7 | |a DESARROLLO MORAL |2 CL-VaPUC |9 310605 | |
| 650 | 0 | |a Educación moral |9 308319 | |
| 583 | |a last modification |c 20070928 00:00:00 |k Rodrigo Vera | ||
| 490 | 0 | |a Paidós Studio, 155 | |
| 999 | |c 327224 |d 327222 | ||
| 952 | |0 0 |1 0 |4 0 |6 170_000000000000000_CAN_2002 |7 0 |8 A |9 409774 |a BIBEDU |b BIBEDU |d 2019-11-22 |i 4372204 |o 170 CAN 2002 |p 4372204 |r 2019-11-22 |w 2019-11-22 |y BK |k PSI | ||